Central Library OPAC University of Rajshahi

SAARC : (Record no. 27249)

MARC details
000 -LEADER
fixed length control field 00887cam a2200277Ia 4500
001 - CONTROL NUMBER
control field 27249
003 - CONTROL NUMBER IDENTIFIER
rucl marc code BD-RjUL
005 - DATE AND TIME OF LATEST TRANSACTION
control field 20211209051130.0
008 - FIXED-LENGTH DATA ELEMENTS--GENERAL INFORMATION
fixed length control field 140324s1994 ii b 001 0 eng d
020 ## - INTERNATIONAL STANDARD BOOK NUMBER
International Standard Book Number 8170246113
035 ## - SYSTEM CONTROL NUMBER
System control number (OCoLC)ocm34521320
System control number (NNC)5629267
-- (BD-RjUL)27321
040 ## - CATALOGING SOURCE
Original cataloging agency DRU
Transcribing agency DRU
Modifying agency OCLCQ
-- BAKER
-- BD-RjUL
Language of cataloging eng
041 ## - LANGUAGE CODE
Language code of text/sound track or separate title eng
082 ## - DEWEY DECIMAL CLASSIFICATION NUMBER
Classification number 341.247
Author mark and year NAS 1994
092 ## - LOCALLY ASSIGNED DEWEY CALL NUMBER (OCLC)
Item number N217s
100 1# - MAIN ENTRY--PERSONAL NAME
Personal name Naqash, Nasir A.
9 (RLIN) 67310
245 10 - TITLE STATEMENT
Title SAARC :
Remainder of title challenges and opportunities /
Statement of responsibility, etc. Nasir A. Naqash.
260 ## - PUBLICATION, DISTRIBUTION, ETC. (IMPRINT)
Place of publication, distribution, etc. New Delhi :
Name of publisher, distributor, etc. Ashish Pub. House,
Date of publication, distribution, etc. c1994.
300 ## - PHYSICAL DESCRIPTION
Pagination ix, 175 p. ;
Size 23 cm.
504 ## - BIBLIOGRAPHY, ETC. NOTE
Bibliography, etc Includes bibliographical references & Index.
610 20 - SUBJECT ADDED ENTRY--CORPORATE NAME
Corporate name or jurisdiction name as entry element South Asian Association for Regional Cooperation.
650 #0 - SUBJECT ADDED ENTRY--TOPICAL TERM
Topical term or geographic name as entry element South Asian cooperation.
9 (RLIN) 67312
Topical term or geographic name as entry element Regionalism (International organization)
9 (RLIN) 6404
942 ## - ADDED ENTRY ELEMENTS (KOHA)
Source of classification or shelving scheme Dewey Decimal Classification
Koha item type Books
Holdings
Lost status Source of classification or shelving scheme Damaged status Not for loan Collection code Permanent Location Current Location Shelving location Date acquired Source of acquisition Cost, normal purchase price Total Checkouts Full call number Date last seen Copy number Koha item type
  Dewey Decimal Classification     Non-fiction Central Library, University of Rajshahi Central Library, University of Rajshahi   09/08/2006 Paragon Enterprise dacca 250.00   341.247 NAS 1994 24/03/2014 C-1 Books